00482nam a22001577a 450000500170000001000150001702000260003203500140005803700130007208200080008510000240009324500500011726000570016727000800022430000200030420220822142553.0 aENG-134529 a9788173418871c700.00 aEN-118061 bDBAD/PUB a320 aChaturvedi, Archana aGreat Issues in Politics/cArchana Chaturvedi aNew DelhibLife Span Publishers & Distributorsc2019 a4782/23, Ansari Road, DaryaganjbNew Delhie110002mlifespandelhi@gmail.com a269p.c22cm(hb)